¿Agonía o transformación? : (Record no. 192028)
[ view plain ]
| 000 -LEADER | |
|---|---|
| campo de control de longitud fija | 01891nam a2200397 i 4500 |
| 001 - NÚMERO DE CONTROL | |
| campo de control | 192028 |
| 003 - IDENTIFICADOR DE NÚMERO DE CONTROL | |
| campo de control | SpMaBN |
| 005 - FECHA Y HORA DE LA ÚLTIMA TRANSACCIÓN | |
| campo de control | 20240926063328.0 |
| 008 - DATOS DE LONGITUD FIJA--INFORMACIÓN GENERAL | |
| campo de control de longitud fija | 221102s2020 sp a | ||||o000 0 spa |
| 017 ## - NÚMERO DE COPYRIGHT O DE DEPÓSITO LEGAL | |
| Número de copyright o de depósito legal | NA 120-2020 |
| Agencia que asigna | Oficina Depósito Legal Navarra |
| 020 ## - NÚMERO INTERNACIONAL ESTÁNDAR DEL LIBRO | |
| Número Internacional Estándar del Libro | 9788423535507 |
| 035 ## - NÚMERO DE CONTROL DEL SISTEMA | |
| Número de control de sistema | (OCoLC)1258431463 |
| 040 ## - FUENTE DE CATALOGACIÓN | |
| Centro catalogador/agencia de origen | SpMaBN |
| Lengua de catalogación | spa |
| Centro/agencia transcriptor | SpMaBN |
| Normas de descripción | rda |
| 080 ## - NÚMERO DE LA CLASIFICACIÓN DECIMAL UNIVERSAL | |
| Número de la Clasificación Decimal Universal | 329.21(460)(0:82)(083.824) |
| 080 ## - NÚMERO DE LA CLASIFICACIÓN DECIMAL UNIVERSAL | |
| Número de la Clasificación Decimal Universal | 821.134.2"19"(083.824) |
| 245 01 - MENCIÓN DEL TÍTULO | |
| Título | ¿Agonía o transformación? : |
| Resto del título | el carlismo en la literatura española = Agonia edo eraldaketa? : karlismoa espainiako literaturan, 1876-1912 / |
| Mención de responsabilidad, etc. | [textos = testuak, Stephen Roberts] |
| 246 31 - FORMA VARIANTE DEL TITULO | |
| Título propio/Titulo breve | Agonia edo eraldaketa : |
| Resto del título | karlismoa espainiako literaturan |
| 264 #1 - PRODUCCIÓN, PUBLICACIÓN, DISTRIBUCIÓN, FABRICACIÓN Y COPYRIGHT | |
| Producción, publicación, distribución, fabricación y copyright | [Pamplona] : |
| Nombre del de productor, editor, distribuidor, fabricante | Gobierno de Navarra, Departamento de Cultura y Deporte = Nafarroako Gobernua, Kultura eta Kirol Departamentua, |
| Fecha de producción, publicación, distribución, fabricación o copyright | [2020] |
| 300 ## - DESCRIPCIÓN FÍSICA | |
| Extensión | 174 páginas : |
| Otras características físicas | ilustraciones (blanco y negro y color) ; |
| Dimensiones | 24 x 22 cm |
| 500 ## - NOTA GENERAL | |
| Nota general | Índice |
| 546 ## - NOTA DE IDIOMA | |
| Nota de lengua/lenguaje | Texto paralelo en español y en vasco |
| 585 ## - NOTA DE EXPOSICIONES | |
| Nota de exposiciones | Exposición: Museo del Carlismo, Estella, del 31 de octubre de 2019 al 19 de abril de 2020 |
| 650 #7 - PUNTO DE ACCESO ADICIONAL DE MATERIA--TÉRMINO DE MATERIA | |
| Término de materia o nombre geográfico como elemento de entrada | Carlismo- |
| Subdivisión general | En la literatura- |
| Subdivisión de forma | Exposiciones. |
| 9 (RLIN) | 175668 |
| 650 #7 - PUNTO DE ACCESO ADICIONAL DE MATERIA--TÉRMINO DE MATERIA | |
| Término de materia o nombre geográfico como elemento de entrada | Literatura española- |
| Subdivisión cronológica | S.XX- |
| Subdivisión de forma | Exposiciones. |
| 9 (RLIN) | 175669 |
| 655 #7 - TERMINO DE INDIZACIÓN--GENERO/FORMA | |
| Fuente del término | tgfbne |
| 9 (RLIN) | 193628 |
| Datos o término principal de género/forma | Catálogos de exposiciones |
| 700 1# - ENTRADA AGREGADA--NOMBRE PERSONAL | |
| Nombre de persona | Roberts, Stephen |
| 9 (RLIN) | 235081 |
| Término indicativo de función/relación | Autor |
| 710 2# - ENTRADA AGREGADA--NOMBRE DE ENTIDAD CORPORATIVA | |
| Nombre de entidad corporativa o nombre de jurisdicción como elemento de entrada | Museo del Carlismo. |
| 9 (RLIN) | 175670 |
| Término indicativo de función/relación | Sede |
| 852 ## - LOCALIZACIÓN | |
| Ubicación | ES-MaACL |
| Número de control de estantería | N-8214 |
| Ubicación en estantería | Depósito J |
| Donativo/Legado | Donación: Editorial |
| itemnumber | 199310 |
| Encuadernación | Rústica con solapas |
| 852 ## - LOCALIZACIÓN | |
| Ubicación | ES-MaACL |
| Número de control de estantería | N-8994 |
| Ubicación en estantería | Depósito J |
| Donativo/Legado | Donación: Editorial |
| Sublocalización o colección | R.152905 |
| Encuadernación | Rústica con solapas |
| itemnumber | 203925 |
| Copia número | Duplicado |
| 942 ## - ELEMENTOS DE ENTRADA SECUNDARIOS (KOHA) | |
| Tipo de ítem Koha | Libro impreso |
| Suprimir en OPAC | No |
| Estatus retirado | Estado de pérdida | Fuente del sistema de clasificación o colocación | Estado de daño | No para préstamo | Biblioteca de origen | Biblioteca actual | Ubicación en estantería | Fecha de adquisición | Fuente de adquisición | Total de préstamos | Signatura topográfica completa | Código de barras | Visto por última vez | Tipo de ítem Koha | Restricciones de uso | Precio de reemplazo |
|---|---|---|---|---|---|---|---|---|---|---|---|---|---|---|---|---|
| Clasificación decimal universal | Biblioteca del Ateneo de Madrid | Biblioteca del Ateneo de Madrid | Depósito J | 02/11/2022 | Donación | N-8214 | 101206683 | 23/02/2023 | Libro impreso | |||||||
| Clasificación decimal universal | Biblioteca del Ateneo de Madrid | Biblioteca del Ateneo de Madrid | Depósito J | 28/07/2024 | Donación | N-8994 | 101228903 | 28/07/2024 | Libro impreso | Duplicado | 28/07/2024 |
